Alfabet arabski - Statystyki

Ogólne statystyki
  • Ten quiz został rozwiązany 32 razy
  • Średni wynik to 11 z 30
Statystyki odpowiedzi
Postać
Izolowana
Nazwa
Litery
Postać
Końcowa
% Poprawnych
ا Alif ـا
91%
ب Bāʾ ـب
87%
ت Tāʾ ـت
87%
ث Ṯāʾ ـث
48%
ح Ḥāʾ ـح
39%
ر Rāʾ ـر‬
39%
س Sīn ـس‬
39%
خ Ḫāʾ ـخ
35%
د Dāl ـد
35%
ه Hāʾ ـه
35%
م Mīm ـم‬
35%
ن Nūn ـن
35%
ص Ṣād ـص
35%
ذ Ḏāl ـذ
30%
ض Ḍād ـض
30%
ف Fāʾ ـف
30%
ل Lām ـل
30%
ط‬ Ṭāʾ ـط‬
30%
ع ʿAyn ـع
26%
غ Ḡayn ـغ
26%
ك Kāf ـك‬
26%
ق Qāf ـق
26%
ش Šīn ـش
26%
و Wāw ـو
26%
ظ Ẓāʾ ـظ
26%
ز Zāy ـز‬
26%
ج Ǧīm ـج
22%
ي Yāʾ ـي
22%
ى Maqṣūra ـى
13%
ة Marbūṭa ـة‬
13%
Nie znaleziono quizów pasujących do podanych kryteriów
Rozkład punktacji
Procent ludzi z każdym wynikiem
Percentyl według liczby udzielonych odpowiedzi
Twoja historia wyników
Nie rozwiązałeś tego quizu